| 000 | 01095 a2200241 4500 | ||
|---|---|---|---|
| 005 | 20080910130010.0 | ||
| 008 | 080910t xxu||||| |||| 00| 0 hin d | ||
| 010 | _aHIN-79464 | ||
| 020 |
_a9788170564058 _c200.00 |
||
| 035 | _aHN-51810 | ||
| 037 | _bD.B.Act / pub | ||
| 082 | _a827 | ||
| 100 | _a, अजय अनुरागी | ||
| 245 |
_aचापलूसी का अनुशासन _cअजय अनुरागी |
||
| 246 |
_aChapluci ka anushasan _bby Ajay Anuragi |
||
| 260 |
_aजयपुर _bपंचशील प्रकाशन, _c2007 |
||
| 270 |
_aफिल्म कालोनी,चौड़ा रास्ता _bजयपुर _e302003(राज.) _k0141-2315072 _l5113854 _mpanchsheel_j@sify.com |
||
| 300 |
_a144पृ _c22 सेमी (सजिल्द) |
||
| 650 | _asatire | ||
| 650 | _aव्यंग्य | ||
| 942 |
_adpl _cHN _k827 / अनुरा _2ddc _h827 _mअनुरा |
||
| 999 |
_c2793 _d2793 |
||